000 00766nam a22002415i 4500
001 13041
003 ES-MaACL
005 20250829062526.0
007 t|
008 920820s1992 sp ||||0| spa j
020 _a84-87291-27-9
040 _aM-BN
_bspa
_cM-BN
080 _a012 Gullón, Ricardo
100 1 _aBrown, Ann Marie.
_931974
245 1 0 _aRicardo Gullón (1908-1991)
_b: in memoriam /
_cpor Ann Marie Brown.
260 _aMelilla :
_bUNED,
_cD.L. 1992.
300 _a142 p. ;
_c22 cm.
504 _aBibliografía.
600 1 4 _aGullón, Ricardo,
_d1908-1991-
_vBibliografías
_960939
710 2 _aUniversidad Nacional de Educación a Distancia (España)
_97405
852 _aES-MaACL
_jL-20377
_bR.121226
999 _c13041
_d13041